MARC

LEADER 00000nam0a2200000 4500
001 34250
005 20231101210225.0
010 |a 5020148245 
035 |a (RuTPU)RU\TPU\book\34635 
035 |a BOOK00001286 
090 |a 34250 
100 |a 20011210d1990 km y0rusy50 ca 
101 0 |a rus 
102 |a RU 
105 |a a z 000zy 
200 1 |a Программное обеспечение персональных ЭВМ  |f В. М. Брябрин 
205 |a 3-е изд., стер. 
210 |a Москва  |c Наука  |d 1990 
215 |a 272 с. 
606 |a Персональные ЭВМ  |2 stltpush  |3 (RuTPU)RU\TPU\subj\71057  |9 85120 
610 1 |a микропроцессоры 
610 1 |a электроника 
610 1 |a микросхемотехника 
610 1 |a персональные электронные вычислительные машины 
610 1 |a программное обеспечение 
610 1 |a операционные системы 
675 |a 681.3.181.4  |v 3 
675 |a 004.382.7  |v 4 
700 1 |a Брябрин  |b В. М.  |g Виктор Михайлович 
801 0 |a RU  |b 63413507  |c 20011210  |g PSBO 
801 2 |a RU  |b 63413507  |c 20201109  |g PSBO 
900 |a Электроника 
900 |a Информатика 
900 |a Электроника и микросхемотехника 
900 |a Компьютерные технологии в науке и образовании 
942 |c BK